Most Populous Atlantic Ocean Islands - Statistics

General Stats
  • This quiz has been taken 1,534 times
    94 since last reset
  • The average score is 14 of 20
Answer Stats
Population Country Island % Correct
10,055,968 Cuba Cuba
97%
66,344,800 United Kingdom Great Britain
97%
7,026,636 Ireland, United Kingdom Ireland
97%
22,278,000 Haiti, Dominican Republic Hispaniola
94%
2,950,210 Jamaica Jamaica
94%
1,267,145 Trinidad and Tobago Trinidad
79%
8,063,262 United States Long Island
78%
4,801,468 Italy Sicily
75%
1,579,181 Italy Sardinia
71%
3,203,295 United States Puerto Rico
69%
1,694,251 United States Manhattan
68%
522,103 Canada Newfoundland
66%
1,268,437 Cyprus Cyprus
64%
623,065 Greece Crete
62%
927,993 Spain Tenerife
61%
912,544 Spain Mallorca
53%
2,409,950 Denmark Zealand
52%
852,688 Spain Gran Canaria
47%
1,381,459 Brazil São {Luís}
25%
760,000 Brazil São {Vicente}
22%
No matching quizzes found
Score Distribution
Percent of People with Each Score
Percentile by Number Answered
Your Score History
You have not taken this quiz since the last reset